| 000 | 00937nam a22002537a 4500 | ||
|---|---|---|---|
| 999 |
_c7912 _d7912 |
||
| 003 | AR-CdUCM | ||
| 008 | 190321b ||||| |||| 00| 0 spa d | ||
| 040 |
_aMUNICIPALIDAD PROVINCIAL DEL CUSCO _cBIBLIOTECA MUNICIPAL DEL CUSCO |
||
| 041 | _hger | ||
| 082 |
_a621.3 / _bH93 |
||
| 100 |
_aHumburg, Karl _919798 |
||
| 245 | _aLa máquina Síncrona / | ||
| 260 |
_aMéxico : _bUTEHA, _c1963. |
||
| 300 |
_aX 125 páginas ; _bfiguras, _c17 cm. |
||
| 440 |
_aManuales Uteha. _n172 _922371 |
||
| 440 |
_aSección Tecnología. _n6 _922372 |
||
| 505 | _aContenido: Estructura de la máquina síncrona -- Teoría de la máquina síncrona -- Servicio de la máquina síncrona -- Pruebas de la máquina síncrona -- Determinación de las dimensiones ... | ||
| 650 |
_aMáquinas _920333 |
||
| 650 |
_aSíncrona _922373 |
||
| 650 |
_aTecnología _91571 |
||
| 700 |
_aNovo Cerro, José (traducción) _920062 |
||
| 942 |
_2ddc _cLIBROS |
||
| 945 | _aachl | ||